000 00829nam a2200205 a 4500
001 000046453
005 20240402134029.0
008 090715s2015 dr 000 0 spa d
040 _aDO-SdBNP
_bspa
_cBNPHU
082 _axxx
_bxx
110 1 _aRepública Dominicana
_9447
240 1 0 _aCódigo penal
245 1 0 _aLey 550-14 :
_bNuevo código penal de la República Dominicana :(G.O. No.10788 del 26 de diciembre de 2014 /
_ccompiladores Trajano Vidal Potentini, Juan Pablo Acosta.
246 1 3 _aNuevo código penal de la República Dominicana :
260 _aSanto Domingo :
_bDalis,
_c2015.
300 _a336 p. ;
_c15 cm.
500 _aArtículos de la constitución que causan el debate de su constitucionabilidad
700 1 2 _aPotentini Adames, Trajano Vidal‏
_ecomp.
_973577
700 1 2 _aAcosta,Juan Pablo
_ecompl
_911716
999 _c45942
_d45942